<?xml version="1.0" encoding="UTF-8"?>
<record
    xmlns:xsi="http://www.w3.org/2001/XMLSchema-instance"
    xsi:schemaLocation="http://www.loc.gov/MARC21/slim http://www.loc.gov/standards/marcxml/schema/MARC21slim.xsd"
    xmlns="http://www.loc.gov/MARC21/slim">

  <leader>00476nam a22001937a 4500</leader>
  <controlfield tag="003">CO-ViMGA</controlfield>
  <controlfield tag="005">20230915225016.0</controlfield>
  <controlfield tag="008">150703b        xxu||||| |||| 00| 0 eng d</controlfield>
  <datafield tag="020" ind1=" " ind2=" ">
    <subfield code="a">9789583018534</subfield>
  </datafield>
  <datafield tag="040" ind1=" " ind2=" ">
    <subfield code="a">CO-ViMGA</subfield>
    <subfield code="b">spa</subfield>
    <subfield code="c">CO-ViMGA</subfield>
  </datafield>
  <datafield tag="090" ind1=" " ind2=" ">
    <subfield code="b">LM MAL5</subfield>
  </datafield>
  <datafield tag="100" ind1="1" ind2=" ">
    <subfield code="4">MALAM    JOHN</subfield>
  </datafield>
  <datafield tag="245" ind1="1" ind2="0">
    <subfield code="a">EL CABALLO DE TROYA</subfield>
  </datafield>
  <datafield tag="260" ind1=" " ind2=" ">
    <subfield code="a">BOGOTA</subfield>
    <subfield code="b">PANAMERICANA</subfield>
    <subfield code="c">2013</subfield>
  </datafield>
  <datafield tag="300" ind1=" " ind2=" ">
    <subfield code="a">(32) PAGINAS</subfield>
  </datafield>
  <datafield tag="650" ind1="1" ind2="4">
    <subfield code="2">HISTORIAS DE GRIEGOS</subfield>
  </datafield>
  <datafield tag="700" ind1="1" ind2=" ">
    <subfield code="4">RUTHERFORD PETER</subfield>
  </datafield>
  <datafield tag="942" ind1=" " ind2=" ">
    <subfield code="2">ddc</subfield>
    <subfield code="c">BK</subfield>
  </datafield>
  <datafield tag="999" ind1=" " ind2=" ">
    <subfield code="c">7</subfield>
    <subfield code="d">7</subfield>
  </datafield>
  <datafield tag="952" ind1=" " ind2=" ">
    <subfield code="0">0</subfield>
    <subfield code="1">0</subfield>
    <subfield code="2">ddc</subfield>
    <subfield code="4">0</subfield>
    <subfield code="7">0</subfield>
    <subfield code="8">INF</subfield>
    <subfield code="a">MEGUAMAL</subfield>
    <subfield code="b">MEGUAMAL</subfield>
    <subfield code="c">REF</subfield>
    <subfield code="d">2023-02-20</subfield>
    <subfield code="l">0</subfield>
    <subfield code="o">LM MAL5</subfield>
    <subfield code="p">GUA001595</subfield>
    <subfield code="r">2023-02-20 00:00:00</subfield>
    <subfield code="t">Ej.1</subfield>
    <subfield code="w">2023-02-20</subfield>
    <subfield code="y">BKINF</subfield>
  </datafield>
  <datafield tag="952" ind1=" " ind2=" ">
    <subfield code="0">0</subfield>
    <subfield code="1">0</subfield>
    <subfield code="2">ddc</subfield>
    <subfield code="4">0</subfield>
    <subfield code="7">0</subfield>
    <subfield code="8">INF</subfield>
    <subfield code="a">MESGUARO</subfield>
    <subfield code="b">MESGUARO</subfield>
    <subfield code="c">SInf</subfield>
    <subfield code="d">2023-06-29</subfield>
    <subfield code="o">LM  MAL5</subfield>
    <subfield code="p">SG00756</subfield>
    <subfield code="r">2023-06-29 00:00:00</subfield>
    <subfield code="t">Ej.1</subfield>
    <subfield code="w">2023-06-29</subfield>
    <subfield code="y">BKINF</subfield>
  </datafield>
  <datafield tag="952" ind1=" " ind2=" ">
    <subfield code="0">0</subfield>
    <subfield code="1">0</subfield>
    <subfield code="2">ddc</subfield>
    <subfield code="4">0</subfield>
    <subfield code="7">0</subfield>
    <subfield code="8">INF</subfield>
    <subfield code="a">MECUBARR</subfield>
    <subfield code="b">MECUBARR</subfield>
    <subfield code="c">SInf</subfield>
    <subfield code="d">2023-07-19</subfield>
    <subfield code="l">0</subfield>
    <subfield code="o">LM MAL5</subfield>
    <subfield code="p">CUB00408</subfield>
    <subfield code="r">2023-07-19 15:02:46</subfield>
    <subfield code="t">Ej.1</subfield>
    <subfield code="w">2023-07-19</subfield>
    <subfield code="y">BKINF</subfield>
  </datafield>
  <datafield tag="952" ind1=" " ind2=" ">
    <subfield code="0">0</subfield>
    <subfield code="1">0</subfield>
    <subfield code="2">ddc</subfield>
    <subfield code="4">0</subfield>
    <subfield code="7">0</subfield>
    <subfield code="8">INF</subfield>
    <subfield code="a">MEACACIA</subfield>
    <subfield code="b">MEACACIA</subfield>
    <subfield code="c">SInf</subfield>
    <subfield code="d">2023-08-31</subfield>
    <subfield code="l">0</subfield>
    <subfield code="o">LM MAL5</subfield>
    <subfield code="p">ACA 18706</subfield>
    <subfield code="r">2023-08-31 14:01:56</subfield>
    <subfield code="t">Ej.1</subfield>
    <subfield code="w">2023-08-31</subfield>
    <subfield code="y">BKINF</subfield>
  </datafield>
  <datafield tag="952" ind1=" " ind2=" ">
    <subfield code="0">0</subfield>
    <subfield code="1">0</subfield>
    <subfield code="2">ddc</subfield>
    <subfield code="4">0</subfield>
    <subfield code="7">0</subfield>
    <subfield code="8">008</subfield>
    <subfield code="a">MEVIECAR</subfield>
    <subfield code="b">MEVIECAR</subfield>
    <subfield code="d">2020-07-17</subfield>
    <subfield code="g">30940.00</subfield>
    <subfield code="l">2</subfield>
    <subfield code="o">LM MAL5</subfield>
    <subfield code="p">34278</subfield>
    <subfield code="r">2025-10-15 20:23:47</subfield>
    <subfield code="s">2025-09-14</subfield>
    <subfield code="w">2020-07-17</subfield>
    <subfield code="y">BK</subfield>
  </datafield>
  <datafield tag="952" ind1=" " ind2=" ">
    <subfield code="0">0</subfield>
    <subfield code="1">0</subfield>
    <subfield code="2">ddc</subfield>
    <subfield code="4">0</subfield>
    <subfield code="7">0</subfield>
    <subfield code="8">008</subfield>
    <subfield code="a">MEVIECAR</subfield>
    <subfield code="b">MEVIECAR</subfield>
    <subfield code="d">2020-07-17</subfield>
    <subfield code="g">30940.00</subfield>
    <subfield code="l">0</subfield>
    <subfield code="o">LM MAL5</subfield>
    <subfield code="p">34279</subfield>
    <subfield code="r">2020-07-17 00:00:00</subfield>
    <subfield code="t">EJ. 2</subfield>
    <subfield code="w">2020-07-17</subfield>
    <subfield code="y">BK</subfield>
  </datafield>
  <datafield tag="952" ind1=" " ind2=" ">
    <subfield code="0">1</subfield>
    <subfield code="1">0</subfield>
    <subfield code="2">ddc</subfield>
    <subfield code="4">4</subfield>
    <subfield code="7">0</subfield>
    <subfield code="8">008</subfield>
    <subfield code="a">MEVIECAR</subfield>
    <subfield code="b">MEVIECAR</subfield>
    <subfield code="d">2015-07-03</subfield>
    <subfield code="l">1</subfield>
    <subfield code="o">LM MAL5</subfield>
    <subfield code="p">28451</subfield>
    <subfield code="r">2017-10-11 00:00:00</subfield>
    <subfield code="s">2017-10-05</subfield>
    <subfield code="w">2015-07-03</subfield>
    <subfield code="y">BK</subfield>
  </datafield>
  <datafield tag="952" ind1=" " ind2=" ">
    <subfield code="0">0</subfield>
    <subfield code="1">0</subfield>
    <subfield code="2">ddc</subfield>
    <subfield code="4">0</subfield>
    <subfield code="7">0</subfield>
    <subfield code="8">INF</subfield>
    <subfield code="a">MECASTIL</subfield>
    <subfield code="b">MECASTIL</subfield>
    <subfield code="c">SInf</subfield>
    <subfield code="d">2023-09-20</subfield>
    <subfield code="l">0</subfield>
    <subfield code="o">LM MAL5</subfield>
    <subfield code="p">EC01580</subfield>
    <subfield code="r">2023-09-20 21:07:20</subfield>
    <subfield code="t">Ej.1</subfield>
    <subfield code="w">2023-09-20</subfield>
    <subfield code="y">BK</subfield>
  </datafield>
  <datafield tag="952" ind1=" " ind2=" ">
    <subfield code="0">0</subfield>
    <subfield code="1">0</subfield>
    <subfield code="2">ddc</subfield>
    <subfield code="4">0</subfield>
    <subfield code="7">0</subfield>
    <subfield code="8">INF</subfield>
    <subfield code="a">MEMAPIRI</subfield>
    <subfield code="b">MEMAPIRI</subfield>
    <subfield code="c">SInf</subfield>
    <subfield code="d">2024-01-22</subfield>
    <subfield code="l">0</subfield>
    <subfield code="o">LM MAL5</subfield>
    <subfield code="p">MAP00003031</subfield>
    <subfield code="r">2024-01-22 14:40:44</subfield>
    <subfield code="t">Ej.1</subfield>
    <subfield code="w">2024-01-22</subfield>
    <subfield code="y">BK</subfield>
  </datafield>
  <datafield tag="952" ind1=" " ind2=" ">
    <subfield code="0">0</subfield>
    <subfield code="1">0</subfield>
    <subfield code="2">ddc</subfield>
    <subfield code="4">0</subfield>
    <subfield code="7">0</subfield>
    <subfield code="8">INF</subfield>
    <subfield code="a">MEMACARE</subfield>
    <subfield code="b">MEMACARE</subfield>
    <subfield code="c">SInf</subfield>
    <subfield code="d">2024-04-08</subfield>
    <subfield code="l">0</subfield>
    <subfield code="o">LM   MAL5</subfield>
    <subfield code="p">LM001204</subfield>
    <subfield code="r">2024-04-08 15:08:50</subfield>
    <subfield code="t">Ej.1</subfield>
    <subfield code="w">2024-04-08</subfield>
    <subfield code="y">BK</subfield>
  </datafield>
  <datafield tag="952" ind1=" " ind2=" ">
    <subfield code="0">0</subfield>
    <subfield code="1">0</subfield>
    <subfield code="4">0</subfield>
    <subfield code="7">0</subfield>
    <subfield code="8">InfPoTi</subfield>
    <subfield code="a">MEVIGERR</subfield>
    <subfield code="b">MEVIGERR</subfield>
    <subfield code="c">SInf</subfield>
    <subfield code="d">2014-07-07</subfield>
    <subfield code="o">LM MAL5</subfield>
    <subfield code="p">ECA22824</subfield>
    <subfield code="r">2024-11-26 09:07:14</subfield>
    <subfield code="t">Ej.1</subfield>
    <subfield code="w">2024-11-26</subfield>
    <subfield code="y">BK</subfield>
    <subfield code="z">16980 | 21870</subfield>
  </datafield>
  <datafield tag="952" ind1=" " ind2=" ">
    <subfield code="0">0</subfield>
    <subfield code="1">0</subfield>
    <subfield code="2">ddc</subfield>
    <subfield code="4">0</subfield>
    <subfield code="7">0</subfield>
    <subfield code="a">MEFTEORO</subfield>
    <subfield code="b">MEFTEORO</subfield>
    <subfield code="c">SInf</subfield>
    <subfield code="d">2025-02-28</subfield>
    <subfield code="l">0</subfield>
    <subfield code="o">LM MAL5</subfield>
    <subfield code="p">Fo00002011</subfield>
    <subfield code="r">2025-02-28 16:54:06</subfield>
    <subfield code="t">Ej.1</subfield>
    <subfield code="w">2025-02-28</subfield>
    <subfield code="y">BKINF</subfield>
  </datafield>
  <datafield tag="952" ind1=" " ind2=" ">
    <subfield code="0">0</subfield>
    <subfield code="1">0</subfield>
    <subfield code="2">ddc</subfield>
    <subfield code="4">0</subfield>
    <subfield code="7">0</subfield>
    <subfield code="8">INF</subfield>
    <subfield code="a">MESJUANI</subfield>
    <subfield code="b">MESJUANI</subfield>
    <subfield code="c">SInf</subfield>
    <subfield code="d">2025-05-19</subfield>
    <subfield code="l">0</subfield>
    <subfield code="o">LM MAL5</subfield>
    <subfield code="p">SJU01580</subfield>
    <subfield code="r">2025-05-19 11:46:09</subfield>
    <subfield code="t">Ej.1</subfield>
    <subfield code="w">2025-05-19</subfield>
    <subfield code="y">BK</subfield>
  </datafield>
  <datafield tag="952" ind1=" " ind2=" ">
    <subfield code="0">0</subfield>
    <subfield code="1">0</subfield>
    <subfield code="2">ddc</subfield>
    <subfield code="4">0</subfield>
    <subfield code="7">0</subfield>
    <subfield code="8">INF</subfield>
    <subfield code="a">MEMESETA</subfield>
    <subfield code="b">MEMESETA</subfield>
    <subfield code="d">2025-06-09</subfield>
    <subfield code="l">0</subfield>
    <subfield code="o">LM MAL5</subfield>
    <subfield code="p">9789583018534</subfield>
    <subfield code="r">2025-06-09 09:29:53</subfield>
    <subfield code="t">Ej.1</subfield>
    <subfield code="w">2025-06-09</subfield>
    <subfield code="y">BK</subfield>
  </datafield>
</record>
